Verdadera devoción a la nación /

Збережено в:
Бібліографічні деталі
Автор: Duff, Frank (autor)
Формат: Книга
Мова:Іспанська
Опубліковано: Navarra, España : Verbo Divino, 1973, c1973
Теги: Додати тег
Немає тегів, Будьте першим, хто поставить тег для цього запису!

MARC

LEADER 00000nam^a2200000^a^4500
001 000568703
005 20250521000000.0
009 20260310132152.748
020 |a 84-7151-131-2 
037 |a Acervo ITESO - Biblioteca 
041 |a ESP 
091 |a FGM. 03573 
100 |a Duff, Frank  |e (autor) 
245 1 0 |a Verdadera devoción a la nación / 
264 4 |a Navarra, España :  |b Verbo Divino,  |c 1973, c1973 
300 |a 103 p. 
336 |a texto  |b txt  |2 rdacontenido 
337 |a sin mediación  |b n  |2 rdamedio 
338 |a volumen  |b nc  |2 rdasoporte 
649 |a XX 
910 |a Fondo Efraín González Morfín 
920 |a Impresos - Libros 
930 |a Fondos Especiales 
905 |a 130 
901 |a 0500393272  |b IT2  |c ESL  |i D93366  |u 20250521 
902 |a https://opac.biblio.iteso.mx/vufind/Record/000568703